Time series analysis : Forecasting and control
This book is concened with the building of stochastic (statistical) models for time series and their use in important areas of application. This includes the topics of forecasting, model specification, estimation, and checking, transfer function modeling of dynamic relationships, modeling the effect...
Αποθηκεύτηκε σε:
| Κύριος συγγραφέας: | |
|---|---|
| Μορφή: | Βιβλίο |
| Γλώσσα: | Undetermined |
| Έκδοση: |
New Jersey
Prentice-Hall
1994
|
| Θέματα: | |
| Ετικέτες: |
Προσθήκη ετικέτας
Δεν υπάρχουν, Καταχωρήστε ετικέτα πρώτοι!
|
| Thư viện lưu trữ: | Trung tâm Học liệu Trường Đại học Cần Thơ |
|---|
| LEADER | 01009nam a2200217Ia 4500 | ||
|---|---|---|---|
| 001 | CTU_19389 | ||
| 008 | 210402s9999 xx 000 0 und d | ||
| 082 | |a 003.83 | ||
| 082 | |b B789 | ||
| 100 | |a Box, George E P. | ||
| 245 | 0 | |a Time series analysis : | |
| 245 | 0 | |b Forecasting and control | |
| 245 | 0 | |c George E. P. Box, Gregory C. Reinsel, Gwilym M. Jenkins | |
| 260 | |a New Jersey | ||
| 260 | |b Prentice-Hall | ||
| 260 | |c 1994 | ||
| 520 | |a This book is concened with the building of stochastic (statistical) models for time series and their use in important areas of application. This includes the topics of forecasting, model specification, estimation, and checking, transfer function modeling of dynamic relationships, modeling the effects of intervention events, and process control. | ||
| 650 | |a Feedback control systems,Prediction theory,Time-series analysis,Transfer functions | ||
| 650 | |x Mathematical models | ||
| 904 | |i Minh | ||
| 980 | |a Trung tâm Học liệu Trường Đại học Cần Thơ | ||